They think it's all over (Record no. 76171)
[ view plain ]
| 000 -LEADER | |
|---|---|
| fixed length control field | 00818cab a2200181 4500 |
| 001 - CONTROL NUMBER | |
| control field | ##L131569 |
| 008 - FIXED-LENGTH DATA ELEMENTS--GENERAL INFORMATION | |
| fixed length control field | 051116n2005 000 0 eng u |
| 035 ## - SYSTEM CONTROL NUMBER | |
| System control number | (Sirsi) u131569 |
| 041 0# - LANGUAGE CODE | |
| Language code of text/sound track or separate title | eng |
| 100 1# - MAIN ENTRY--PERSONAL NAME | |
| Personal name | Majekodunmi, Olufunmi |
| 245 00 - TITLE STATEMENT | |
| Title | They think it's all over |
| 260 ## - PUBLICATION, DISTRIBUTION, ETC. | |
| Date of publication, distribution, etc. | 2005 |
| 490 #0 - SERIES STATEMENT | |
| Series statement | Construction Manager!vNovember/December 2005, 12-19(5) |
| 520 ## - SUMMARY, ETC. | |
| Summary, etc. | Interview with Mike Richardson, construction director for Wembley National Stadium Ltd. Discusses the relationship with main contractor Multiplex, whether the project will be finished on time, and the problems with steel contractor Cleveland Bridge. |
| 650 24 - SUBJECT ADDED ENTRY--TOPICAL TERM | |
| Topical term or geographic name entry element | WEMBLEY STADIUM |
| 690 ## - LOCAL SUBJECT ADDED ENTRY--TOPICAL TERM (OCLC, RLIN) | |
| Topical term or geographic name as entry element | PROPERTY-COMMERCIAL PROPERTY-LEISURE PROPERTY-SPORTS PROPERTY-STADIUM, ARENA AND SPORT COMPLEX PROPERTY-STADIA, ARENAS AND COMPLEXES |
| 942 ## - ADDED ENTRY ELEMENTS (KOHA) | |
| Suppress in OPAC | 0 |
| Withdrawn status | Lost status | Source of classification or shelving scheme | Damaged status | Not for loan | Home library | Current library | Shelving location | Date acquired | Total Checkouts | Full call number | Barcode | Date last seen | Copy number | Price effective from | Koha item type |
|---|---|---|---|---|---|---|---|---|---|---|---|---|---|---|---|
| Dewey Decimal Classification | London | London | Journal article | 16/11/2005 | L131569 | 131569-1001 | 06/08/2019 | 1 | 06/08/2019 | Journal article |